[Event "Pere Noel"]
[Site "Montreal CAN"]
[Date "2011.12.27"]
[Round "2"]
[White "Couture, Jonathan"]
[Black "Zhu, Hong Rui"]
[Result "1/2-1/2"]
[WhiteElo "1762"]
[BlackElo "2114"]
[PlyCount "92"]
[GameId "2160767909573236"]
[EventDate "2011.12.26"]
[EventType "swiss"]
[EventRounds "5"]
[EventCountry "CAN"]
[SourceTitle "hb 2011"]

1. c4 c5 2. Nc3 Nc6 3. Nf3 e5 4. g3 g6 5. Bg2 Bg7 6. d3 Nge7 7. e4 d6 8. O-O O-O 9. Ne1 Nd4 10. Nc2 Nxc2 11. Qxc2 Nc6 12. Nd5 Be6 13. Be3 Rb8 14. a3 a5 15. Rfb1 b5 16. b3 Nd4 17. Bxd4 cxd4 18. Qd2 Re8 19. a4 b4 20. Rc1 Rc8 21. Re1 Rf8 22. Rf1 f5 23. f3 h5 24. Rf2 Re8 25. Re1 Kh8 26. Bh3 fxe4 27. Bxe6 e3 28. Nxe3 dxe3 29. Qxe3 Rxe6 30. f4 Rf6 31. Ref1 exf4 32. gxf4 Qd7 33. f5 Rxf5 34. Rxf5 gxf5 35. Qg5 Bd4+ 36. Kh1 Qb7+ 37. Qg2 Qf7 38. h3 Rg8 39. Qf3 f4 40. Qe4 Qg7 41. Qd5 Be5 42. Qf3 Qg5 43. Qe2 Qg3 44. Qxh5+ Kg7 45. Rg1 Kf6 46. Rxg3 Rxg3 1/2-1/2

[Event "Pere Noel"]
[Site "Montreal CAN"]
[Date "2011.12.27"]
[Round "2"]
[White "Gagnon, Serge"]
[Black "Malette, Martin"]
[Result "0-1"]
[WhiteElo "2101"]
[BlackElo "1931"]
[PlyCount "126"]
[GameId "2160767909573237"]
[EventDate "2011.12.26"]
[EventType "swiss"]
[EventRounds "5"]
[EventCountry "CAN"]
[SourceTitle "hb 2011"]

1. d4 Nf6 2. c4 g6 3. Nc3 d5 4. Nf3 Bg7 5. e3 O-O 6. Bd3 Na6 7. c5 Nb4 8. Bb1 a5 9. Ne5 c6 10. Na4 Bf5 11. a3 Na6 12. Nb6 Ra7 13. Bxf5 gxf5 14. Qc2 e6 15. Bd2 Nb8 16. O-O Nfd7 17. Nexd7 Nxd7 18. Na4 Qh4 19. f4 Nf6 20. Be1 Qh5 21. Rf3 Ne4 22. Nb6 Kh8 23. Rh3 Qg4 24. Qd1 Rg8 25. Rh4 Qg6 26. Qf3 Bf6 27. Rh5 a4 28. Nd7 b5 29. Ne5 Bxe5 30. fxe5 Raa8 31. Rc1 Qg4 32. Qxg4 Rxg4 33. Rc2 Rb8 34. Rh3 Ng5 35. Rg3 Rxg3 36. Bxg3 b4 37. axb4 Rxb4 38. Be1 Rb3 39. Kf2 Kg7 40. Ke2 f6 41. exf6+ Kxf6 42. Bh4 h6 43. g3 Kg6 44. Bxg5 hxg5 45. Kf3 e5 46. Ke2 g4 47. Rd2 f4 48. gxf4 exf4 49. exf4 Kf5 50. Kd1 Kxf4 51. Kc2 Ke4 52. Rg2 Kf4 53. Rd2 Rf3 54. Rg2 Rh3 55. Kd2 a3 56. bxa3 Rxa3 57. Ke2 Ra2+ 58. Kf1 Rxg2 59. Kxg2 Ke4 60. Kg3 Kxd4 61. Kxg4 Ke4 62. h4 d4 63. h5 d3 0-1

[Event "Pere Noel"]
[Site "Montreal CAN"]
[Date "2011.12.27"]
[Round "2"]
[White "Gelet, Seymour"]
[Black "Masse, Hugues"]
[Result "1/2-1/2"]
[WhiteElo "2000"]
[BlackElo "2266"]
[PlyCount "147"]
[GameId "2160767909573238"]
[EventDate "2011.12.26"]
[EventType "swiss"]
[EventRounds "5"]
[EventCountry "CAN"]
[SourceTitle "EXT 2022"]
[Source "ChessBase"]
[SourceDate "2021.10.06"]
[SourceVersion "1"]
[SourceVersionDate "2021.10.06"]
[SourceQuality "1"]

1. d4 Nf6 2. c4 g6 3. Nc3 d5 4. cxd5 Nxd5 5. e4 Nxc3 6. bxc3 Bg7 7. Bc4 c5 8. Ne2 Nc6 9. Be3 O-O 10. Rc1 cxd4 11. cxd4 Qa5+ 12. Qd2 Qxd2+ 13. Kxd2 Rd8 14. d5 e6 15. Rhd1 exd5 16. exd5 Na5 17. Ke1 Bd7 18. Bd3 Ba4 19. Bc2 Bb5 20. Be4 Nc4 21. Bd4 Nd6 22. Bd3 Bh6 23. f4 Rd7 24. Be5 Bxd3 25. Rxd3 Rad8 26. a4 Bf8 27. Nd4 Ne4 28. Nb5 a6 29. Re3 Bb4+ 30. Nc3 Nxc3 31. Bxc3 Bxc3+ 32. Rcxc3 Rxd5 33. Rc7 R8d7 34. Re7 Rxe7+ 35. Rxe7 b6 36. Ra7 a5 37. Rb7 Rd4 38. f5 gxf5 39. Rxb6 Rxa4 40. Rb5 f4 41. Kf2 Kg7 42. Kf3 Kg6 43. Rc5 Ra2 44. Rc8 Rb2 45. Kxf4 a4 46. Ra8 Rb4+ 47. Kf3 f6 48. Ra7 h6 49. Ra6 Kg5 50. Ra5+ f5 51. g3 Rb3+ 52. Kf2 a3 53. h4+ Kg6 54. Ra6+ Kg7 55. Ra7+ Kg8 56. Ra8+ Kf7 57. Ra7+ Ke8 58. Ra5 Rb2+ 59. Kf3 a2 60. Ra7 Kd8 61. Kf4 Rf2+ 62. Ke5 Kc8 63. Kf6 Kb8 64. Ra3 Kb7 65. Kg6 Kb6 66. Kxh6 Kb5 67. Kg6 Kb4 68. Ra8 Kb3 69. h5 Kb2 70. h6 Rf3 71. h7 Rxg3+ 72. Kxf5 Rh3 73. Rxa2+ Kxa2 74. Kg6 1/2-1/2

[Event "Pere Noel"]
[Site "Montreal CAN"]
[Date "2011.12.27"]
[Round "2"]
[White "Humphreys, Michael"]
[Black "Bergeron, Rene"]
[Result "1-0"]
[WhiteElo "2234"]
[BlackElo "1665"]
[PlyCount "51"]
[GameId "2160767909573239"]
[EventDate "2011.12.26"]
[EventType "swiss"]
[EventRounds "5"]
[EventCountry "CAN"]
[SourceTitle "hb 2011"]

1. Nf3 d5 2. d4 Nd7 3. c4 e6 4. Nc3 Ngf6 5. Bg5 Be7 6. e3 O-O 7. Rc1 c6 8. Bd3 h6 9. Bh4 Re8 10. O-O dxc4 11. Bxc4 Nd5 12. Bg3 Bf6 13. e4 Nxc3 14. Rxc3 Be7 15. a3 Nf6 16. Re1 b5 17. Bxb5 cxb5 18. Bc7 Nxe4 19. Bxd8 Nxc3 20. bxc3 Rxd8 21. Ne5 Bb7 22. Qh5 Rf8 23. Re3 Bxa3 24. Rg3 Be7 25. Qxh6 g5 26. Rh3 1-0

[Event "Pere Noel"]
[Site "Montreal CAN"]
[Date "2011.12.27"]
[Round "2"]
[White "Luo, Zhao Yang"]
[Black "Luksza, Arkadiusz"]
[Result "1/2-1/2"]
[WhiteElo "1929"]
[BlackElo "2158"]
[PlyCount "75"]
[GameId "2160767909573242"]
[EventDate "2011.12.26"]
[EventType "swiss"]
[EventRounds "5"]
[EventCountry "CAN"]
[SourceTitle "hb 2011"]

1. d4 d5 2. Nf3 c6 3. e3 e6 4. Bd3 f5 5. O-O Nf6 6. b3 Nbd7 7. c4 Ne4 8. Bb2 Bd6 9. Ne5 O-O 10. f3 Nef6 11. Nd2 Qc7 12. f4 Ne4 13. Nxd7 Bxd7 14. Nf3 Be8 15. Qe1 Qe7 16. Ne5 Rf6 17. Qh4 Qf8 18. Bxe4 dxe4 19. Rfd1 Rh6 20. Qf2 Qe7 21. a3 Kf8 22. d5 exd5 23. cxd5 cxd5 24. Rxd5 Bc6 25. Rd2 Bxe5 26. Bxe5 Rd8 27. Rad1 Rxd2 28. Qxd2 Kg8 29. Bc3 Re6 30. Qd4 a6 31. Bb4 Qf6 32. Qc4 Qf7 33. Rd8+ Re8 34. Qxf7+ Kxf7 35. Rxe8 Kxe8 36. Bc3 g6 37. Kf2 Bd5 38. b4 1/2-1/2

[Event "Pere Noel"]
[Site "Montreal CAN"]
[Date "2011.12.27"]
[Round "2"]
[White "Malveau, Cedric"]
[Black "Barre, Michel"]
[Result "1-0"]
[WhiteElo "2015"]
[BlackElo "1831"]
[PlyCount "89"]
[GameId "2160767909573243"]
[EventDate "2011.12.26"]
[EventType "swiss"]
[EventRounds "5"]
[EventCountry "CAN"]
[SourceTitle "hb 2011"]

1. e4 e6 2. d4 d5 3. Nc3 Nf6 4. e5 Nfd7 5. f4 c5 6. Nf3 Nc6 7. Be3 a6 8. Qd2 b5 9. Qf2 Qb6 10. Be2 cxd4 11. Nxd4 Nxd4 12. Bxd4 Bc5 13. Bxc5 Qxc5 14. Qxc5 Nxc5 15. Bd3 O-O 16. Ne2 Bd7 17. Nd4 f6 18. exf6 Nxd3+ 19. cxd3 gxf6 20. Rc1 Rac8 21. Kd2 Rxc1 22. Rxc1 Rc8 23. Rxc8+ Bxc8 24. Kc3 Kf7 25. Kb4 e5 26. fxe5 fxe5 27. Nf3 Kf6 28. Kc5 Be6 29. a3 Bf7 30. Kb6 Bg6 31. Ne1 Bxd3 32. Nxd3 e4 33. Nf2 Ke5 34. Kc5 e3 35. Ng4+ Ke4 36. Nf6+ Kd3 37. Nxd5 e2 38. Nf4+ Ke3 39. Nxe2 Kxe2 40. Kb6 h5 41. Kxa6 h4 42. Kxb5 Kf2 43. a4 Kxg2 44. a5 Kxh2 45. a6 1-0

[Event "Pere Noel"]
[Site "Montreal CAN"]
[Date "2011.12.27"]
[Round "2"]
[White "Manailoiu, Dragos"]
[Black "Voskanyan, Vahagn"]
[Result "0-1"]
[WhiteElo "1834"]
[BlackElo "2231"]
[PlyCount "118"]
[GameId "2160767909573244"]
[EventDate "2011.12.26"]
[EventType "swiss"]
[EventRounds "5"]
[EventCountry "CAN"]
[SourceTitle "hb 2011"]

1. d4 Nf6 2. c4 c6 3. Nc3 d5 4. Nf3 Nbd7 5. e3 e6 6. Bd3 dxc4 7. Bxc4 b5 8. Bd3 Bd6 9. O-O a6 10. e4 e5 11. dxe5 Nxe5 12. Nxe5 Bxe5 13. Qe2 O-O 14. h3 Re8 15. Bg5 h6 16. Be3 Bxc3 17. bxc3 Nxe4 18. Bxe4 Rxe4 19. Qf3 f5 20. Rad1 Qe7 21. Qg3 Be6 22. Bxh6 Bd5 23. f3 Re6 24. Bf4 Qc5+ 25. Kh2 Qxc3 26. Qg5 Qf6 27. Qxf6 Rxf6 28. Rfe1 Kf7 29. Bg5 Re6 30. Rxe6 Bxe6 31. a3 a5 32. Rd6 Ra6 33. Kg3 b4 34. a4 Rb6 35. Bd8 Rb8 36. Bxa5 b3 37. Bc3 b2 38. Bxb2 Rxb2 39. Rxc6 Ra2 40. Ra6 Bc4 41. Rd6 Bf1 42. Rd1 Rxg2+ 43. Kf4 Ba6 44. Kxf5 Bc8+ 45. Ke5 Bxh3 46. Ra1 Rg5+ 47. Kd6 Be6 48. a5 Bc4 49. Kc7 Rg6 50. Rb1 Rf6 51. f4 Rxf4 52. Rb4 g5 53. Kd6 Kf6 54. Rb8 Bf1 55. Rf8+ Kg6 56. Rg8+ Kh5 57. Rh8+ Kg4 58. Rh1 Ba6 59. Rg1+ Kf5 0-1

[Event "Pere Noel"]
[Site "Montreal CAN"]
[Date "2011.12.27"]
[Round "2"]
[White "Perna-Fraser, David"]
[Black "Auger, Bertrand"]
[Result "0-1"]
[WhiteElo "1623"]
[BlackElo "1941"]
[PlyCount "92"]
[GameId "2160767909573246"]
[EventDate "2011.12.26"]
[EventType "swiss"]
[EventRounds "5"]
[EventCountry "CAN"]
[SourceTitle "hb 2011"]

1. c4 Nf6 2. Nc3 c5 3. g3 g6 4. Bg2 Bg7 5. Nf3 Nc6 6. O-O O-O 7. d3 d5 8. cxd5 Nxd5 9. Nxd5 Qxd5 10. Ng5 Qd7 11. Ne4 b6 12. Rb1 Bb7 13. Bd2 Rad8 14. Qc1 Nd4 15. Re1 f5 16. Nc3 Bxg2 17. Kxg2 b5 18. Nd1 Qd5+ 19. Kg1 e5 20. Nc3 Qc6 21. Be3 b4 22. Nd1 Ne6 23. Qc4 Rd5 24. f3 Kh8 25. Bf2 f4 26. g4 Rfd8 27. h4 h5 28. Qe4 hxg4 29. fxg4 Qe8 30. Rc1 Nd4 31. Bxd4 Rxd4 32. Qb7 e4 33. Nf2 e3 34. Ne4 Qe6 35. g5 Qg4+ 36. Kh1 f3 37. exf3 Qxf3+ 38. Kh2 Rxd3 39. Rc2 R3d4 40. Qe7 Qxe4 41. Qxe4 Rxe4 42. Rxc5 Bxb2 43. Re2 Rd2 44. Rc8+ Kg7 45. Rc7+ Kf8 46. Rxd2 exd2 0-1

[Event "Pere Noel"]
[Site "Montreal CAN"]
[Date "2011.12.27"]
[Round "2"]
[White "Prahov, Valentin"]
[Black "Yu, Zong Yang"]
[Result "1-0"]
[WhiteElo "2131"]
[BlackElo "1814"]
[PlyCount "45"]
[GameId "2160767909573247"]
[EventDate "2011.12.26"]
[EventType "swiss"]
[EventRounds "5"]
[EventCountry "CAN"]
[SourceTitle "EXT 2022"]
[Source "ChessBase"]
[SourceDate "2021.10.06"]
[SourceVersion "1"]
[SourceVersionDate "2021.10.06"]
[SourceQuality "1"]

1. e4 c5 2. d4 cxd4 3. c3 dxc3 4. Nxc3 d6 5. Nf3 Nf6 6. Bc4 Nbd7 7. O-O a6 8. Qe2 b5 9. Bb3 Bb7 10. Rd1 Qc7 11. Bf4 Rd8 12. Rac1 Nc5 13. Nd5 Nxd5 14. Bxd5 Bxd5 15. exd5 Qd7 16. b4 Na4 17. Rc6 e5 18. Bxe5 dxe5 19. Nxe5 Qe7 20. d6 Nc3 21. Rxc3 Qe6 22. d7+ Ke7 23. Nc6+ 1-0

[Event "Pere Noel"]
[Site "Montreal CAN"]
[Date "2011.12.27"]
[Round "2"]
[White "Pregent, Daniel"]
[Black "Peng, Jackie"]
[Result "0-1"]
[WhiteElo "1830"]
[BlackElo "2030"]
[PlyCount "88"]
[GameId "2160767909573248"]
[EventDate "2011.12.26"]
[EventType "swiss"]
[EventRounds "5"]
[EventCountry "CAN"]
[SourceTitle "hb 2011"]

1. d4 Nf6 2. Nf3 g6 3. c4 Bg7 4. Nc3 O-O 5. e4 d6 6. h3 e5 7. d5 a5 8. Bg5 Na6 9. Be2 Qe8 10. g4 Nc5 11. Nd2 c6 12. Qc2 h6 13. Be3 Bd7 14. O-O-O cxd5 15. Bxc5 dxc5 16. exd5 a4 17. Nce4 Nxe4 18. Nxe4 a3 19. b3 b6 20. Rdg1 f5 21. gxf5 gxf5 22. Ng3 Kh7 23. Bh5 Qe7 24. Bg6+ Kh8 25. Nxf5 Bxf5 26. Bxf5 Qf6 27. Be6 e4 28. Rg2 Qa1+ 29. Qb1 Qd4 30. Rd1 Qe5 31. Qc2 Rf3 32. Rdg1 Rc3 33. Rxg7 Rxc2+ 34. Kxc2 Qb2+ 35. Kd1 Qb1+ 36. Kd2 Qxa2+ 37. Ke3 Qxb3+ 38. Kxe4 Qxc4+ 39. Kf5 Rf8+ 40. Kg6 Qe4+ 41. Kh5 Qe5+ 42. Kxh6 Qf6+ 43. Kh5 Qxg7 44. Rxg7 Kxg7 0-1

[Event "Pere Noel"]
[Site "Montreal CAN"]
[Date "2011.12.27"]
[Round "2"]
[White "Ramaswamy, Kiran"]
[Black "He, Shao Hang"]
[Result "1-0"]
[WhiteElo "1947"]
[BlackElo "1611"]
[PlyCount "109"]
[GameId "2160767909573249"]
[EventDate "2011.12.26"]
[EventType "swiss"]
[EventRounds "5"]
[EventCountry "CAN"]
[SourceTitle "hb 2011"]

1. c4 e6 2. b3 d5 3. Nf3 c5 4. cxd5 exd5 5. d4 b6 6. e3 Nf6 7. Nc3 Be7 8. Bb5+ Bd7 9. Bxd7+ Qxd7 10. O-O O-O 11. Bb2 Ne4 12. Ne5 Nxc3 13. Bxc3 Qe6 14. f4 Nc6 15. f5 Qd6 16. Rf3 f6 17. Nd3 c4 18. Nf4 Nd8 19. Rg3 Qd7 20. Qh5 Bd6 21. Rh3 h6 22. Nxd5 Bxh2+ 23. Kxh2 Qxd5 24. Qg6 Nf7 25. Bb4 Rfd8 26. Be7 Ng5 27. Bxf6 Qd6+ 28. Be5 Qxg6 29. fxg6 Nxh3 30. gxh3 cxb3 31. axb3 Rdc8 32. d5 Rc2+ 33. Kg3 a5 34. Rd1 b5 35. d6 Rd8 36. Ra1 Rc5 37. Bf4 b4 38. e4 Rc3+ 39. Kg4 Rxb3 40. Rxa5 Rd3 41. Ra7 b3 42. Be5 h5+ 43. Kxh5 Rxh3+ 44. Kg4 Rh6 45. Rxg7+ Kf8 46. Rf7+ Kg8 47. Kg5 Rh1 48. Rg7+ Kf8 49. Rf7+ Kg8 50. Kf6 Rf8 51. Rxf8+ Kxf8 52. g7+ Kg8 53. d7 Rd1 54. Ke7 Rd3 55. d8=Q+ 1-0

[Event "Pere Noel"]
[Site "Montreal CAN"]
[Date "2011.12.27"]
[Round "2"]
[White "Robichaud, Louis"]
[Black "Monczak, Mariusz"]
[Result "0-1"]
[WhiteElo "2098"]
[BlackElo "1894"]
[PlyCount "110"]
[GameId "2160767909573250"]
[EventDate "2011.12.26"]
[EventType "swiss"]
[EventRounds "5"]
[EventCountry "CAN"]
[SourceTitle "hb 2011"]

1. e4 c5 2. Nc3 e6 3. g3 Nc6 4. Bg2 Nf6 5. d3 d5 6. exd5 Nxd5 7. Nxd5 exd5 8. Ne2 d4 9. O-O Bd6 10. Bf4 O-O 11. Bxd6 Qxd6 12. Nf4 Bf5 13. a3 Rab8 14. Re1 Rfe8 15. Qh5 Bg6 16. Qd5 Qxd5 17. Bxd5 Bf5 18. h4 Kf8 19. Rxe8+ Rxe8 20. Rb1 h6 21. b4 g5 22. hxg5 hxg5 23. Nh5 Re5 24. Bf3 c4 25. Rd1 cxd3 26. cxd3 g4 27. Bxc6 bxc6 28. Nf4 Ke7 29. Rc1 Kd6 30. Rc4 Re1+ 31. Kg2 Ra1 32. Rxd4+ Kc7 33. Rc4 Rxa3 34. b5 Bd7 35. d4 Kd6 36. bxc6 Bxc6+ 37. d5 Bb5 38. Rc8 Ba4 39. Rc1 a5 40. Kf1 Ra2 41. Rc8 Bd1 42. Ke1 Bf3 43. Rd8+ Ke7 44. Ra8 f5 45. Ra7+ Kd6 46. Ra6+ Kc7 47. Ne6+ Kb8 48. Nd4 Bxd5 49. Nxf5 Kb7 50. Rg6 Bf3 51. Ne3 Re2+ 52. Kf1 a4 53. Rg5 Rb2 54. Ke1 a3 55. Ra5 a2 0-1

[Event "Pere Noel"]
[Site "Montreal CAN"]
[Date "2011.12.27"]
[Round "2"]
[White "Trottier, Emile"]
[Black "Yun, Chang"]
[Result "1-0"]
[WhiteElo "2163"]
[BlackElo "1935"]
[PlyCount "63"]
[GameId "2160767909573251"]
[EventDate "2011.12.26"]
[EventType "swiss"]
[EventRounds "5"]
[EventCountry "CAN"]
[SourceTitle "hb 2011"]

1. e4 c5 2. c3 d5 3. exd5 Qxd5 4. d4 Nc6 5. Nf3 Nf6 6. Be3 cxd4 7. cxd4 e6 8. Nc3 Qd8 9. Bd3 a6 10. O-O Be7 11. a3 O-O 12. Bc2 b5 13. Qd3 g6 14. Rfe1 Bb7 15. Rad1 b4 16. Nb1 Re8 17. Ba4 Qa5 18. Qb3 Nd5 19. Ne5 Rec8 20. Bxc6 Bxc6 21. Bh6 bxa3 22. Nxa3 Bf6 23. Nac4 Qd8 24. Qh3 Be8 25. f4 Bg7 26. Ne3 Nxe3 27. Rxe3 Bxh6 28. Qxh6 Qf6 29. Ng4 Qg7 30. Qg5 h5 31. Nf6+ Kh8 32. Rh3 1-0

[Event "Pere Noel"]
[Site "Montreal CAN"]
[Date "2011.12.28"]
[Round "3"]
[White "Auger, Bertrand"]
[Black "Trottier, Emile"]
[Result "0-1"]
[WhiteElo "1941"]
[BlackElo "2163"]
[PlyCount "92"]
[GameId "2160767909573253"]
[EventDate "2011.12.26"]
[EventType "swiss"]
[EventRounds "5"]
[EventCountry "CAN"]
[SourceTitle "hb 2011"]

1. c4 e6 2. g3 d5 3. Bg2 c6 4. Nf3 f5 5. O-O Nf6 6. d4 Bd6 7. b3 O-O 8. Nc3 Ne4 9. Qc2 Bd7 10. Bb2 Be8 11. Ne5 Nd7 12. f3 Nxe5 13. fxe4 Ng4 14. e5 Bc7 15. Nd1 h5 16. Qc3 g5 17. Nf2 Bg6 18. Nh3 Nh6 19. Bc1 Nf7 20. Be3 Qe7 21. Qd2 Bd8 22. c5 Kg7 23. b4 a6 24. a4 Rh8 25. Rfb1 f4 26. gxf4 Bxb1 27. Rxb1 g4 28. Ng5 Nxg5 29. fxg5 Qf7 30. Rf1 Qg6 31. a5 Be7 32. Rf6 Bxf6 33. exf6+ Kf7 34. Bf4 Rag8 35. e4 h4 36. e5 Rh5 37. Bf1 Rxg5 38. Bd3 Qh5 39. b5 axb5 40. a6 bxa6 41. Qa5 Rf5 42. Qc7+ Kg6 43. Qe7 g3 44. f7 Qd1+ 45. Kg2 h3+ 46. Kxg3 Qxd3+ 0-1

[Event "Pere Noel"]
[Site "Montreal CAN"]
[Date "2011.12.28"]
[Round "3"]
[White "Barre, Michel"]
[Black "Perna-Fraser, David"]
[Result "1-0"]
[WhiteElo "1831"]
[BlackElo "1623"]
[PlyCount "59"]
[GameId "2160767909573254"]
[EventDate "2011.12.26"]
[EventType "swiss"]
[EventRounds "5"]
[EventCountry "CAN"]
[SourceTitle "hb 2011"]

1. d4 Nf6 2. Bg5 c5 3. d5 Qb6 4. b3 d6 5. Nc3 Bf5 6. f3 h6 7. Bd2 g5 8. e4 Bd7 9. Bc4 Bg7 10. Nge2 Na6 11. Nc1 Nc7 12. a4 a5 13. Qe2 O-O 14. Nd3 e5 15. Nf2 Nh7 16. h4 f5 17. exf5 Bxf5 18. Nfe4 Bf6 19. Nxf6+ Rxf6 20. O-O-O Raf8 21. hxg5 Nxg5 22. Rh5 Nf7 23. Rdh1 Bg6 24. Ne4 Rf5 25. R5h4 h5 26. g4 hxg4 27. Rxg4 Kg7 28. Qg2 Nh8 29. Bh6+ Kg8 30. Rxg6+ 1-0

[Event "Pere Noel"]
[Site "Montreal CAN"]
[Date "2011.12.28"]
[Round "3"]
[White "Forget, Luc"]
[Black "Nikulich, Oleksandr"]
[Result "1/2-1/2"]
[WhiteElo "1991"]
[BlackElo "1812"]
[PlyCount "106"]
[GameId "2160767909573257"]
[EventDate "2011.12.26"]
[EventType "swiss"]
[EventRounds "5"]
[EventCountry "CAN"]
[SourceTitle "hb 2011"]

1. d4 Nf6 2. c4 e6 3. Nf3 b6 4. g3 Ba6 5. Qc2 Bb7 6. Bg2 c5 7. O-O cxd4 8. Nxd4 Bxg2 9. Kxg2 a6 10. Nd2 Qc7 11. f3 Nc6 12. N2b3 Rc8 13. Be3 Nxd4 14. Bxd4 d5 15. Nd2 b5 16. Bxf6 gxf6 17. Qc3 Bg7 18. cxb5 Qxc3 19. bxc3 axb5 20. a4 bxa4 21. Rxa4 Rxc3 22. e4 Rc2 23. Rd1 dxe4 24. Rxe4 O-O 25. Kh3 Rd8 26. Re2 Bh6 27. f4 Ra8 28. Re4 Raa2 29. Nf3 Rf2 30. Rd3 f5 31. Red4 Ra1 32. Rd8+ Bf8 33. Rb3 Kg7 34. Rd7 Rh1 35. Rd2 Rhxh2+ 36. Nxh2 Rxd2 37. Rb7 Rd3 38. Kg2 Rd2+ 39. Kh3 Rf2 40. Rd7 h5 41. Rd3 h4 42. Nf3 hxg3 43. Kxg3 Rb2 44. Rd7 Rb3 45. Kg2 Kf6 46. Ng5 Be7 47. Nh7+ Kg7 48. Rxe7 Kxh7 49. Rxf7+ Kg6 50. Ra7 Kh5 51. Rg7 Ra3 52. Kf2 Kh4 53. Rg6 Ra6 1/2-1/2

[Event "Pere Noel"]
[Site "Montreal CAN"]
[Date "2011.12.28"]
[Round "3"]
[White "Jiang, Louie"]
[Black "Gelet, Seymour"]
[Result "1-0"]
[WhiteElo "2360"]
[BlackElo "2000"]
[PlyCount "68"]
[GameId "2160767909573258"]
[EventDate "2011.12.26"]
[EventType "swiss"]
[EventRounds "5"]
[EventCountry "CAN"]
[SourceTitle "hb 2011"]

1. e4 c5 2. Nc3 Nc6 3. f4 g6 4. Bb5 Nd4 5. Nf3 Bg7 6. O-O a6 7. Bc4 e6 8. a4 Ne7 9. d3 O-O 10. Kh1 d5 11. Ba2 b6 12. e5 Ndc6 13. Ne2 d4 14. g4 Bb7 15. Ng3 Nb4 16. Bb3 Rc8 17. Bd2 Nbd5 18. Ne4 Ba8 19. Qe1 Rc7 20. Kg1 b5 21. axb5 axb5 22. Nd6 Qb8 23. Ng5 Nc8 24. f5 h6 25. fxe6 hxg5 26. exf7+ Rfxf7 27. Nxf7 Rxf7 28. Rxf7 Kxf7 29. Qe4 Ncb6 30. e6+ Ke7 31. Qxg6 Qe5 32. Ra7+ Kd8 33. Bxg5+ Nf6 34. Bxf6+ Qxf6 1-0

[Event "Pere Noel"]
[Site "Montreal CAN"]
[Date "2011.12.28"]
[Round "3"]
[White "Lemieux, Serge"]
[Black "Gagnon, Serge"]
[Result "0-1"]
[WhiteElo "1507"]
[BlackElo "2101"]
[PlyCount "78"]
[GameId "2160767909573260"]
[EventDate "2011.12.26"]
[EventType "swiss"]
[EventRounds "5"]
[EventCountry "CAN"]
[SourceTitle "hb 2011"]

1. d4 d6 2. Bg5 c6 3. Nf3 g6 4. e4 Bg7 5. Be2 Bg4 6. c3 Nf6 7. Nbd2 O-O 8. Qc2 Qc7 9. h3 Bc8 10. O-O-O Nbd7 11. g3 b5 12. a3 a5 13. Nb3 Nb6 14. Rhe1 Bxh3 15. Nh4 Be6 16. Nd2 h6 17. Bxf6 Bxf6 18. Rh1 Kg7 19. f4 Qd7 20. f5 gxf5 21. Nxf5+ Bxf5 22. exf5 Nd5 23. Qd3 Bg5 24. Kb1 Ne3 25. Nf3 Qxf5 26. Qxf5 Nxf5 27. Nxg5 hxg5 28. Bd3 e6 29. Bxf5 exf5 30. Rdf1 Kg6 31. Rf3 g4 32. Rf4 Rh8 33. Rhf1 Rh5 34. Kc2 Re8 35. Kd2 Re4 36. Kd3 Rxf4 37. gxf4 Rh3+ 38. Ke2 Rh2+ 39. Rf2 g3 0-1

[Event "Pere Noel"]
[Site "Montreal CAN"]
[Date "2011.12.28"]
[Round "3"]
[White "Luksza, Arkadiusz"]
[Black "Cardin, Guillaume"]
[Result "1-0"]
[WhiteElo "2158"]
[BlackElo "1960"]
[PlyCount "65"]
[GameId "2160767909573261"]
[EventDate "2011.12.26"]
[EventType "swiss"]
[EventRounds "5"]
[EventCountry "CAN"]
[SourceTitle "hb 2011"]

1. d4 Nf6 2. c4 e6 3. Nc3 Bb4 4. e3 O-O 5. Bd3 d5 6. Nf3 Nbd7 7. O-O b6 8. a3 Bxc3 9. bxc3 Bb7 10. cxd5 Bxd5 11. Qc2 Bxf3 12. gxf3 c5 13. Bb2 Qc7 14. Rad1 c4 15. Be2 Nd5 16. e4 Nf4 17. a4 f5 18. e5 Qd8 19. Kh1 Rc8 20. Rg1 Nh3 21. Rg2 Qh4 22. Bf1 Nf4 23. Rg3 g5 24. Bc1 Kh8 25. Qa2 Rfd8 26. Re1 Rc6 27. Bxc4 Nh5 28. Rg2 Qh3 29. Bxe6 Qxf3 30. Bxg5 Qxc3 31. Reg1 Nf8 32. Bf6+ Nxf6 33. Rg8+ 1-0

[Event "Pere Noel"]
[Site "Montreal CAN"]
[Date "2011.12.28"]
[Round "3"]
[White "Malette, Martin"]
[Black "Larochelle, Martial"]
[Result "0-1"]
[WhiteElo "1931"]
[BlackElo "2220"]
[PlyCount "74"]
[GameId "2160767909573262"]
[EventDate "2011.12.26"]
[EventType "swiss"]
[EventRounds "5"]
[EventCountry "CAN"]
[SourceTitle "hb 2011"]

1. e4 c5 2. Nf3 d6 3. d4 cxd4 4. Nxd4 Nf6 5. Nc3 a6 6. f3 e5 7. Nb3 Be6 8. Be3 Be7 9. Qd2 O-O 10. O-O-O Nbd7 11. g4 b5 12. g5 b4 13. gxf6 bxc3 14. Qxc3 Nxf6 15. Qa5 Qc8 16. Rd3 Qb7 17. Qb6 Qxb6 18. Bxb6 Rfc8 19. Ba5 d5 20. Rc3 dxe4 21. Rxc8+ Bxc8 22. fxe4 Bb7 23. Bg2 Bxe4 24. Bxe4 Nxe4 25. c3 f5 26. Rd1 Kf7 27. Kc2 Ke6 28. Nc1 Rc8 29. b3 f4 30. c4 Nf6 31. Rg1 g6 32. Nd3 Kf5 33. Bc3 Bd6 34. Re1 e4 35. Nxf4 Bxf4 36. Bxf6 Kxf6 37. Rxe4 g5 0-1

[Event "Pere Noel"]
[Site "Montreal CAN"]
[Date "2011.12.28"]
[Round "3"]
[White "Masse, Hugues"]
[Black "Couture, Jonathan"]
[Result "1-0"]
[WhiteElo "2264"]
[BlackElo "1762"]
[PlyCount "101"]
[GameId "2160767909573263"]
[EventDate "2011.12.26"]
[EventType "swiss"]
[EventRounds "5"]
[EventCountry "CAN"]
[SourceTitle "hb 2011"]

1. d4 Nf6 2. c4 e6 3. Nc3 Bb4 4. e3 b6 5. Nge2 Ba6 6. a3 Bxc3+ 7. Nxc3 d5 8. b3 O-O 9. Bb2 Bb7 10. f3 Nbd7 11. Be2 c5 12. dxc5 bxc5 13. O-O Nb6 14. cxd5 exd5 15. Qd2 Qe7 16. Rfe1 Rfd8 17. Bf1 Rac8 18. Ne2 Nfd7 19. Nf4 Ne5 20. Rac1 Qg5 21. Kh1 Qe7 22. Nd3 Nec4 23. bxc4 dxc4 24. Qc3 Qg5 25. Nf4 Na4 26. Qc2 Nxb2 27. Qxb2 Rd7 28. Rcd1 Rcd8 29. Rxd7 Rxd7 30. Bxc4 g6 31. Qc2 Re7 32. Qd3 Kg7 33. Rd1 Qe5 34. Kg1 Bc6 35. Kf2 Rb7 36. Rb1 Rd7 37. Qc2 Rb7 38. Rxb7 Bxb7 39. Qb3 Qe7 40. Qc3+ Kh6 41. g3 f6 42. e4 Qd6 43. Qd3 Qe5 44. Qd2 g5 45. Nd5 Bxd5 46. exd5 Qd6 47. Qd3 Kg7 48. Qe4 Qb6 49. Qe7+ Kh6 50. Qf8+ Kh5 51. g4+ 1-0

[Event "Pere Noel"]
[Site "Montreal CAN"]
[Date "2011.12.28"]
[Round "3"]
[White "Monczak, Mariusz"]
[Black "Zhang, Zhiyuan"]
[Result "1/2-1/2"]
[WhiteElo "1894"]
[BlackElo "2066"]
[PlyCount "114"]
[GameId "2160767909573264"]
[EventDate "2011.12.26"]
[EventType "swiss"]
[EventRounds "5"]
[EventCountry "CAN"]
[SourceTitle "hb 2011"]

1. e4 c6 2. d4 d5 3. Nd2 dxe4 4. Nxe4 Bf5 5. Ng3 Bg6 6. Nf3 Nd7 7. h4 h6 8. h5 Bh7 9. Bd3 Bxd3 10. Qxd3 e6 11. Bd2 Ngf6 12. O-O-O Be7 13. c4 O-O 14. Bc3 b5 15. Ne5 Qc7 16. f4 bxc4 17. Qxc4 Nd5 18. Qxc6 Qxc6 19. Nxc6 Bd6 20. Ne5 N7f6 21. Rdf1 Rfc8 22. Rf3 Rab8 23. Ne2 Ne4 24. Rhh3 Bb4 25. g4 Rc7 26. Kc2 f6 27. Ng6 a5 28. a3 Ndxc3 29. Nxc3 Nxc3 30. axb4 Ne2+ 31. Kd2 Nxd4 32. Rc3 Rd7 33. bxa5 Nb3+ 34. Ke1 Nxa5 35. b4 Nb7 36. Rcd3 Rxd3 37. Rxd3 Rd8 38. Rxd8+ Nxd8 39. Kd2 Kf7 40. Kc3 Ke8 41. Kc4 Kd7 42. Kc5 Kc7 43. Nf8 Nb7+ 44. Kd4 Kd6 45. f5 e5+ 46. Ke4 Nd8 47. b5 Nf7 48. Kd3 Kc5 49. Ne6+ Kxb5 50. Nxg7 Ng5 51. Ne6 Nxe6 52. fxe6 Kc6 53. Ke4 Kd6 54. Kf5 Ke7 55. g5 fxg5 56. Kxe5 g4 57. Kf4 Kxe6 1/2-1/2